Statistiques concernant Quelle créature de la mythologie grecque porte ce nom?

Cliquez ici pour prendre le quiz!

Statistiques générales

  • Ce quiz a été pris 145 fois
  • Le résultat moyen est 6 sur 20

Statistiques - réponses

IndiceRéponse% Correct
PolyphèmeCyclope
82%
MéduseGorgone
78%
ChironCentaure
75%
CalliopeMuse
52%
AlcyonéeGéant
43%
BriaréeHécatonchire
40%
AstérionMinotaure
36%
ClothoMoire
34%
SilèneSatyre
34%
LeucosieSirène
33%
DaphnéNaïade
25%
AelloHarpie
23%
ThétisNéréide
23%
LadonDragon
19%
AlectoÉrynie
10%
CalypsoOcéanide
10%
MéropePléiade
7%
ÉnyoGrée
3%
AntiphatèsLestrygon
2%
LéthéPotamos/dieu-fleuve
2%

Distribution des résultats

Percentile par nombre de réponses

% des personnes avec chaque résultat

Votre développement - résultats

Vous n’avez pas pris ce quiz